Coniugazione di Verbi - "Essere" - Statistics

Statistiche generali
  • Questo quiz è stato fatto 66 volte
  • Il punteggio medio è 80 su 96
Statistiche sulle risposte
Modo Tempo Pronome Voce % Corretto
Indicativo Presente Egli È
98%
Indicativo Presente Tu Sei
98%
Indicativo Passato prossimo Tu Sei stato
98%
Indicativo Presente Noi Siamo
98%
Indicativo Presente Voi Siete
98%
Indicativo Presente Io Sono
98%
Indicativo Presente Essi Sono
98%
Indicativo Passato prossimo Io Sono stato
98%
Indicativo Imperfetto Io Ero
96%
Indicativo Passato prossimo Egli È stato
96%
Indicativo Imperfetto Egli Era
95%
Indicativo Imperfetto Essi Erano
95%
Indicativo Imperfetto Tu Eri
95%
Indicativo Passato remoto Tu Fosti
95%
Indicativo Passato remoto Egli Fu
95%
Indicativo Passato remoto Io Fui
95%
Indicativo Futuro semplice Io Sarò
95%
Indicativo Passato prossimo Noi Siamo stati
95%
Indicativo Passato prossimo Voi Siete stati
95%
Indicativo Passato prossimo Essi Sono stati
95%
Indicativo Imperfetto Noi Eravamo
93%
Indicativo Imperfetto Voi Eravate
93%
Indicativo Passato remoto Voi Foste
93%
Indicativo Passato remoto Noi Fummo
93%
Indicativo Passato remoto Essi Furono
93%
Indicativo Futuro semplice Egli Sarà
93%
Indicativo Futuro semplice Tu Sarai
93%
Indicativo Futuro semplice Essi Saranno
93%
Indicativo Futuro semplice Noi Saremo
93%
Indicativo Futuro semplice Voi Sarete
93%
Indicativo Trapassato remoto Io Fui stato
91%
Indicativo Futuro anteriore Io Sarò stato
91%
Indicativo Trapassato prossimo Io Ero stato
89%
Indicativo Trapassato remoto Voi Foste stati
89%
Indicativo Trapassato remoto Tu Fosti stato
89%
Indicativo Trapassato remoto Noi Fummo stati
89%
Indicativo Trapassato remoto Essi Furono stati
89%
Indicativo Trapassato remoto Egli Fu stato
89%
Indicativo Futuro anteriore Tu Sarai stato
89%
Indicativo Futuro anteriore Essi Saranno stati
89%
Indicativo Futuro anteriore Egli Sarà stato
89%
Indicativo Futuro anteriore Noi Saremo stati
89%
Indicativo Futuro anteriore Voi Sarete stati
89%
Congiuntivo Presente (Che) Io Sia
89%
Indicativo Trapassato prossimo Essi Erano stati
88%
Indicativo Trapassato prossimo Egli Era stato
88%
Indicativo Trapassato prossimo Tu Eri stato
88%
Congiuntivo Presente (Che) Tu Sia
88%
Congiuntivo Presente (Che) Egli Sia
88%
Indicativo Trapassato prossimo Noi Eravamo stati
86%
Indicativo Trapassato prossimo Voi Eravate stati
86%
Congiuntivo Presente (Che) Noi Siamo
86%
Congiuntivo Presente (Che) Essi Siano
86%
Congiuntivo Presente (Che) Voi Siate
86%
Congiuntivo Passato (Che) Io Sia stato
82%
Condizionale Presente Io Sarei
80%
Congiuntivo Passato (Che) Noi Siamo stati
80%
Congiuntivo Passato (Che) Essi Siano stati
80%
Congiuntivo Passato (Che) Tu Sia stato
80%
Congiuntivo Passato (Che) Egli Sia stato
80%
Congiuntivo Passato (Che) Voi Siate stati
80%
Infinito Presente Assente Essere
79%
Congiuntivo Imperfetto (Che) Io Fossi
79%
Condizionale Presente Tu Saresti
79%
Congiuntivo Imperfetto (Che) Egli Fosse
77%
Congiuntivo Imperfetto (Che) Essi Fossero
77%
Congiuntivo Trapassato (Che) Io Fossi stato
77%
Condizionale Presente Egli Sarebbe
77%
Condizionale Presente Noi Saremmo
77%
Condizionale Presente Voi Sareste
77%
Congiuntivo Imperfetto (Che) Tu Fossi
75%
Congiuntivo Imperfetto (Che) Noi Fossimo
75%
Congiuntivo Imperfetto (Che) Voi Foste
75%
Condizionale Presente Essi Sarebbero
75%
Gerundio Presente Assente Essendo
73%
Infinito Passato Assente Essere stato
73%
Congiuntivo Trapassato (Che) Essi Fossero stati
73%
Congiuntivo Trapassato (Che) Egli Fosse stato
73%
Congiuntivo Trapassato (Che) Noi Fossimo stati
73%
Congiuntivo Trapassato (Che) Tu Fossi stato
73%
Congiuntivo Trapassato (Che) Voi Foste stati
73%
Condizionale Passato Io Sarei stato
73%
Condizionale Passato Egli Sarebbe stato
70%
Condizionale Passato Noi Saremmo stati
70%
Condizionale Passato Voi Sareste stati
70%
Condizionale Passato Tu Saresti stato
70%
Gerundio Passato Assente Essendo stato
68%
Condizionale Passato Essi Sarebbero stati
68%
Imperativo Presente Voi Siate
61%
Imperativo Presente Egli Sia
57%
Imperativo Presente Noi Siamo
57%
Imperativo Presente Essi Siano
57%
Imperativo Presente Io Sia
54%
Participio Passato Assente Stato
54%
Participio Presente Assente Essente
50%
Imperativo Presente Tu Sii
46%
Nessun quiz corrispondente trovato
Distribuzione punteggi
Percentuale di utenti per punteggio
Percentile per numero di risposta
I tuoi punteggi nel tempo
Non hai fatto questo quiz